000 00691nam a2200253Ia 4500
005 20250425161812.0
008 250425s9999 xx 000 0 und d
020 _a8428322309
041 _aspa
082 _a621.381
100 _aPEROZZO, JAMES
245 0 _aREPARACION DE AVERIAS ELECTRONICAS: DISPOSITIVOS ESPECIALES Y PROCEDIMIENTOS DE REPARACION
250 _a1A ED.
260 _aEspaƱa
_bPARANINFO
_c1994
260 _aMADRID
300 _a372
650 _aAVERIAS ELECTRONICAS
650 _aDISPOSITIVOS ELECTRONICOS
650 _aINSTRUMENTOS ELECTRONICOS
650 _aMANTENIMIENTO
650 _aSERVICIOS DE MANTENIMIENTO
942 _c01
010 _a30217
999 _c216386
_d216386